Músicos sin pasado (Record no. 60144)

MARC details
000 -LEADER
campo de control de longitud fija 00540nam a2200181 i 4500
001 - NÚMERO DE CONTROL
campo de control 60144
003 - IDENTIFICADOR DE NÚMERO DE CONTROL
campo de control ES-MaACL
005 - FECHA Y HORA DE LA ÚLTIMA TRANSACCIÓN
campo de control 20230906164150.0
007 - CAMPO FIJO DE DESCRIPCIÓN FÍSICA--INFORMACIÓN GENERAL
campo de control de longitud fija t|
008 - DATOS DE LONGITUD FIJA--INFORMACIÓN GENERAL
campo de control de longitud fija 031103s1971 cl ||||1| spa d
100 1# - ENTRADA PRINCIPAL--NOMBRE DE PERSONA
Nombre de persona Escobar, Roberto.
9 (RLIN) 47557
245 10 - MENCIÓN DEL TÍTULO
Título Músicos sin pasado
Resto del título : composición y compositores de Chile /
Mención de responsabilidad, etc. Roberto Escobar.
250 ## - MENCION DE EDICION
Mención de edición [1ª ed.].
260 ## - PUBLICACIÓN, DISTRIBUCIÓN, ETC.
Lugar de publicación, distribución, etc. Santiago de Chile :
Nombre del editor, distribuidor, etc. Pomaire,
Fecha de publicación, distribución, etc. [1971]
300 ## - DESCRIPCIÓN FÍSICA
Extensión 267 p., 6 lám. ;
Dimensiones 23 cm.
500 ## - NOTA GENERAL
Nota general Paginación defectuosa.
852 ## - LOCALIZACIÓN
Ubicación ES-MaACL
Número de control de estantería C-41094
Sublocalización o colección R.78635
Holdings
Estatus retirado Estado de pérdida Estado de daño No para préstamo Biblioteca de origen Biblioteca actual Ubicación en estantería Fecha de adquisición Fuente de adquisición Total de préstamos Signatura topográfica completa Código de barras Visto por última vez Precio de reemplazo Tipo de ítem Koha
        Biblioteca del Ateneo de Madrid Biblioteca del Ateneo de Madrid Depósito 2 17/01/2008     C-41094 1063085 23/02/2023 23/02/2023 Libro impreso